[Event "RSA-ch (Women)"]
[Site "Cape Town"]
[Date "2014.01.04"]
[Round "1"]
[White "Govindasamy, Seshni"]
[Black "Bouah, Denise"]
[Result "0-1"]
[WhiteElo "1612"]
[BlackElo "1888"]
[PlyCount "60"]
[EventDate "2014.01.04"]
[EventType "tourn"]
[EventRounds "11"]
[EventCountry "RSA"]
[SourceTitle "CBM 158 Extra"]
[Source "ChessBase"]
[SourceDate "2014.02.28"]
[SourceVersion "1"]
[SourceVersionDate "2014.02.28"]
[SourceQuality "1"]

1. e4 e6 2. d4 d5 3. Nd2 Be7 4. Ngf3 Nf6 5. e5 Nfd7 6. Be2 c5 7. c3 Nc6 8. Nb3 c4 9. Nbd2 b5 10. b3 a5 11. a4 b4 12. cxb4 c3 13. Nf1 Bxb4 14. Qc2 Qb6 15. Be3 Ba6 16. Ng3 Rc8 17. 0-0 Ne7 18. Rfc1 Bxe2 19. Nxe2 Nf5 20. Bf4 0-0 21. Qd3 f6 22. Nxc3 fxe5 23. Bxe5 Nxe5 24. dxe5 Bc5 25. Rc2 Nd4 26. Nxd4 Bxd4 27. Rf1 Qxb3 28. Rb1 Qc4 29. Qxc4 Rxc4 30. Rbc1 Rfc8 0-1

[Event "Commonwealth & RSA op"]
[Site "Port Elizabeth"]
[Date "2013.07.07"]
[Round "3"]
[White "Govindasamy, Seshni"]
[Black "Mabetu, Puso"]
[Result "0-1"]
[WhiteElo "1614"]
[BlackElo "1994"]
[PlyCount "146"]
[EventDate "2013.07.06"]
[EventType "swiss"]
[EventRounds "11"]
[EventCountry "RSA"]
[SourceTitle "CBM 155 Extra"]
[Source "ChessBase"]
[SourceDate "2013.08.26"]
[SourceVersion "1"]
[SourceVersionDate "2013.08.26"]
[SourceQuality "1"]

1. e4 d5 2. exd5 Nf6 3. Nf3 Bg4 4. Nc3 Nxd5 5. d4 Nc6 6. Be2 e6 7. 0-0 Bd6 8. Ne4 0-0 9. Nxd6 cxd6 10. c4 Nb6 11. b3 a5 12. Qd2 a4 13. Bb2 Bh5 14. Rfe1 Bg6 15. Bd3 Na5 16. Bxg6 hxg6 17. Qc3 Nd7 18. Ba3 Nf6 19. Qb4 Ra6 20. bxa4 Qc7 21. Rac1 Rc8 22. c5 Nd5 23. Qd2 dxc5 24. Rxc5 Nc6 25. Ne5 Rxa4 26. Nxc6 bxc6 27. Bc1 Qd7 28. a3 Nf6 29. Bb2 Rb8 30. Qc2 Ra6 31. g3 Rab6 32. Ba1 Nd5 33. Rc1 Ne7 34. Rc4 Qd5 35. Rc5 Qd7 36. Rc4 Rb3 37. Rc3 Qd5 38. Rc5 Qd7 39. Rc3 R3b6 40. Rc4 Qb7 41. Bc3 Nd5 42. Ba1 Rc8 43. Bc3 Rb3 44. Bd2 Rxa3 45. Rxc6 Qxc6 46. Qxc6 Rxc6 47. Rxc6 Rd3 48. Ba5 Rxd4 49. Rc8+ Kh7 50. Rf8 Ra4 51. Bd2 Ra7 52. Rb8 f6 53. Re8 e5 54. Rd8 Ne7 55. Be3 Rb7 56. Kg2 g5 57. Bc5 Nf5 58. Rd2 Rc7 59. Bb6 Rb7 60. Bc5 Kg6 61. Rd3 g4 62. h3 gxh3+ 63. Kxh3 Nd4 64. Bxd4 Rd7 65. Kg4 f5+ 66. Kh3 exd4 67. Kg2 Kf6 68. Kf3 Ke5 69. Rd2 Kd5 70. Rd3 Kc4 71. Ke2 Rb7 72. Rd2 Rb3 73. f3 g5 0-1

[Event "Wch U18 Girls"]
[Site "Caldas Novas"]
[Date "2011.11.22"]
[Round "5"]
[White "Visalatchi, R."]
[Black "Govindasamy, Seshni"]
[Result "1-0"]
[WhiteElo "1940"]
[BlackElo "1510"]
[PlyCount "75"]
[EventDate "2011.11.18"]
[EventType "swiss"]
[EventRounds "9"]
[EventCountry "BRA"]
[SourceTitle "EXT 2013"]
[Source "ChessBase"]
[SourceDate "2012.11.22"]
[SourceVersion "1"]
[SourceVersionDate "2012.11.22"]
[SourceQuality "1"]

1. c4 e5 2. Nc3 Nf6 3. g3 Bc5 4. Bg2 Nc6 5. Nf3 d6 6. 0-0 0-0 7. b3 Re8 8. Bb2 Bb6 9. d3 Ne7 10. d4 exd4 11. Nxd4 Bxd4 12. Qxd4 Nc6 13. Qd2 Bg4 14. Rfe1 Rb8 15. Rac1 Ne5 16. Nd5 Nxd5 17. cxd5 f6 18. a3 Qd7 19. Qa5 Rec8 20. Qxa7 b6 21. Bxe5 fxe5 22. a4 b5 23. axb5 Rxb5 24. Rc3 Rcb8 25. Qe3 R5b7 26. Rec1 Qb5 27. Qg5 Qd7 28. e4 Bh3 29. Bf3 Qf7 30. Bh5 g6 31. Be2 Rf8 32. Qe3 Ra8 33. Qh6 Bc8 34. Rf3 Qg7 35. Qg5 Bh3 36. g4 h6 37. Qh4 Ra2 38. Bc4 1-0

[Event "Wch U18 Girls"]
[Site "Caldas Novas"]
[Date "2011.11.18"]
[Round "1"]
[White "Anu, Bayar"]
[Black "Govindasamy, Seshni"]
[Result "1-0"]
[WhiteElo "2050"]
[BlackElo "1510"]
[PlyCount "53"]
[EventDate "2011.11.18"]
[EventType "swiss"]
[EventRounds "9"]
[EventCountry "BRA"]
[SourceTitle "EXT 2013"]
[Source "ChessBase"]
[SourceDate "2012.11.22"]
[SourceVersion "1"]
[SourceVersionDate "2012.11.22"]
[SourceQuality "1"]

1. d4 d5 2. c4 c6 3. cxd5 cxd5 4. Nc3 Nc6 5. Bf4 e6 6. Nf3 Nf6 7. e3 Bd6 8. Ne5 Bxe5 9. dxe5 Nd7 10. Qg4 Ndxe5 11. Qxg7 Ng6 12. Bd3 Rf8 13. Bxg6 hxg6 14. Bh6 Qe7 15. Qxf8+ Qxf8 16. Bxf8 Kxf8 17. h4 b6 18. Rc1 Ne5 19. Rc2 Ba6 20. f4 Nc4 21. Kf2 Rc8 22. Ne2 Ke7 23. b3 Na3 24. Rxc8 Bxc8 25. Nd4 Kd7 26. h5 gxh5 27. Rxh5 1-0